| 000 | 00631nam a2200205 i 4500 | ||
|---|---|---|---|
| 001 | 50078 | ||
| 003 | ES-MaACL | ||
| 005 | 20230906162123.0 | ||
| 007 | t| | ||
| 008 | 030730s1966 sp ||||1| spa d | ||
| 245 | 0 | 0 |
_aCrítica del derecho natural / _cH. Kelsen ... [et al.] ; introducción y traducción de Elías Díaz. |
| 260 |
_a[Madrid] : _bTaurus, _c[1966] |
||
| 300 |
_a280 p. ; _c22 cm. |
||
| 490 | 1 | _aBiblioteca política Taurus | |
| 700 | 1 |
_aKelsen, H. _967796 |
|
| 700 | 1 |
_aDíaz, Elías. _944117 |
|
| 830 | 0 |
_aBiblioteca política Taurus _9176515 |
|
| 852 |
_aES-MaACL _jC-31093 _bR.70166 |
||
| 999 |
_c50078 _d50078 |
||